British TV Music Show Presenters - Picture Quiz - Statistics

General Stats
  • This quiz has been taken 36 times
  • The average score is 9 of 20
Answer Stats
Picture Answer % Correct
Jools Holland
93%
Tony Blackburn
80%
Dave Lee Travis
77%
John Peel
77%
Paula Yates
77%
Janice Long
63%
Bob Harris
60%
Pete Murray
53%
Annie Nightingale
50%
Simon Bates
47%
David Jacobs
40%
Peter Powell
40%
Andy Kershaw
37%
Simon Dee
33%
Cathy McGowan
30%
Muriel Gray
27%
Tony Wilson
23%
Mark Ellen
13%
David Hepworth
10%
Keith Fordyce
7%
No matching quizzes found
Score Distribution
Percent of People with Each Score
Percentile by Number Answered
Your Score History
You have not taken this quiz